Competencias docentes (Registro nro. 2424)
[ vista simple ]
| 000 -LEADER | |
|---|---|
| fixed length control field | 01082 a2200241 4500 |
| 001 - CONTROL NUMBER | |
| control field | 34166 |
| 005 - DATE AND TIME OF LATEST TRANSACTION | |
| control field | 20260407155630.0 |
| 008 - FIXED-LENGTH DATA ELEMENTS--GENERAL INFORMATION | |
| fixed length control field | 260407a2013 arg spa d |
| 003 - CONTROL NUMBER IDENTIFIER | |
| control field | AR-UNSa-BCEJYS |
| 040 ## - CATALOGING SOURCE | |
| Original cataloging agency | AR-UNSa-BCEJYS |
| Language of cataloging | spa |
| Transcribing agency | AR-UNSa-BCEJYS |
| 080 ## - UNIVERSAL DECIMAL CLASSIFICATION NUMBER | |
| Universal Decimal Classification number | 371.13 |
| Common auxiliary subdivision | Formación de los profesores y educadores |
| 020 ## - INTERNATIONAL STANDARD BOOK NUMBER | |
| International Standard Book Number | 978-987-538-259-6 |
| 041 ## - LANGUAGE CODE | |
| Language code of text/sound track or separate title | spa |
| 100 1# - MAIN ENTRY--PERSONAL NAME | |
| Personal name | Coronado, Mónica |
| 245 10 - TITLE STATEMENT | |
| Title | Competencias docentes |
| Name of part/section of a work | ampliación, enriquecimiento y consolidación de la práctica profesional |
| 250 ## - EDITION STATEMENT | |
| Edition statement | 1a ed., 1a. reimp. |
| 264 #1 - PRODUCTION, PUBLICATION, DISTRIBUTION, MANUFACTURE, AND COPYRIGHT NOTICE | |
| Place of production, publication, distribution, manufacture | Buenos Aires : |
| Name of producer, publisher, distributor, manufacturer | Noveduc |
| Date of production, publication, distribution, manufacture, or copyright notice | 2013 |
| 300 ## - PHYSICAL DESCRIPTION | |
| Extent | 222 p. |
| Dimensions | 22 cm. |
| 505 ## - FORMATTED CONTENTS NOTE | |
| Formatted contents note | 1. En enfoque de competencias - 2. Polémicas en torno al enfoque de competencias en educación - 3. Algunas notas sobre la singularidad, relevancia y especificidad de las necesidades y demandas de formación continua docente - 4. El quehacer y el qué hacer docente |
| 590 ## - LOCAL NOTE (RLIN) | |
| Local note | niveau_biblio:m niveau_hierar:0 |
| 856 41 - ELECTRONIC LOCATION AND ACCESS | |
| Uniform Resource Identifier | <a href="https://biblioeco.unsa.edu.ar/pmb/images/libros/competencias_docentes.jpg">https://biblioeco.unsa.edu.ar/pmb/images/libros/competencias_docentes.jpg</a> |
| Link text | Imagen de portada |
| Electronic format type | image/jpeg |
| 942 ## - ADDED ENTRY ELEMENTS (KOHA) | |
| Koha item type | |
| Withdrawn status | Lost status | Damaged status | Not for loan | Home library | Current library | Shelving location | Date acquired | Total checkouts | Full call number | Barcode | Date last seen | Price effective from | Koha item type |
|---|---|---|---|---|---|---|---|---|---|---|---|---|---|
| Biblioteca Prof. Eusebio Cleto del Rey | Biblioteca Prof. Eusebio Cleto del Rey | 07/04/2026 | P371.13 C822 | L125438 | 07/04/2026 | 07/04/2026 | Libro | ||||||
| Biblioteca Prof. Eusebio Cleto del Rey | Biblioteca Prof. Eusebio Cleto del Rey | 07/04/2026 | P371.13 C822 | L125439 | 07/04/2026 | 07/04/2026 | Libro |